000 00914nam a22001937a 4500
999 _c193748
_d193748
005 20230227123218.0
010 _aB-746248-252 E.N.A./7.11.22
020 _a9789389124620
_c695.00
035 _aB-746248-252
037 _bGlobal Academic Publishers & Distributors
082 _a320.934
245 _aKautilya's arthashastra /
_cTr.by Rudrapatna Shamasastry
260 _aNew Delhi
_bGlobal Academic Publishers & Distributors
_c2022
270 _aF-8, 1st Floor, 'Hari Sadan' 20, Ansari Road, Daryaganj,
_bNew Delhi
_e110002
300 _a604p.
_bIndex
_c22cm(pbk)
700 _aShamasastry, Rudrapatna
942 _2ddc
_cEN
_mKAU
_h320.934